000 00714nam a2200253Ia 4500
003 OSt
005 20220912151315.0
006 a|||||r|||| 00| 0
007 ta
008 220909b |||||||| |||| 00| 0 eng d
024 _a14319
037 _cTextual
040 _aCSL
_beng
_cCSL
041 _aeng
082 _aC54:3, K5. 2
100 _aSiegbahn Kai Ed.
245 0 _aAlpha-,Beta-and Gamma-ray spectroscopy
260 _aAmsterdam
_bNorth-Holland Publishing Company
_c1965
300 _aLV,1705p.
_ccm.
500 _aAppendix 3-9 1599-1703p; Indexes 1705-1742p.
_ccm.
650 _aSpectroscopy
942 _hC54:3, K5. 2
_cTEXL
_2CC
999 _c65640
_d65640